<?xml version="1.0" encoding="UTF-8"?><?xml-stylesheet type="text/xsl" href="static/style.xsl"?><OAI-PMH xmlns="http://www.openarchives.org/OAI/2.0/" xmlns:xsi="http://www.w3.org/2001/XMLSchema-instance" xsi:schemaLocation="http://www.openarchives.org/OAI/2.0/ http://www.openarchives.org/OAI/2.0/OAI-PMH.xsd"><responseDate>2026-04-18T04:35:09Z</responseDate><request verb="GetRecord" identifier="oai:www.recercat.cat:2117/173158" metadataPrefix="marc">https://recercat.cat/oai/request</request><GetRecord><record><header><identifier>oai:recercat.cat:2117/173158</identifier><datestamp>2025-07-22T15:59:28Z</datestamp><setSpec>com_2072_1033</setSpec><setSpec>col_2072_452951</setSpec></header><metadata><record xmlns="http://www.loc.gov/MARC21/slim" xmlns:dcterms="http://purl.org/dc/terms/" xmlns:xsi="http://www.w3.org/2001/XMLSchema-instance" xmlns:doc="http://www.lyncode.com/xoai" xsi:schemaLocation="http://www.loc.gov/MARC21/slim http://www.loc.gov/standards/marcxml/schema/MARC21slim.xsd">
   <leader>00925njm 22002777a 4500</leader>
   <datafield ind2=" " ind1=" " tag="042">
      <subfield code="a">dc</subfield>
   </datafield>
   <datafield ind2=" " ind1=" " tag="720">
      <subfield code="a">Torremorell Cuadrado, Sergi</subfield>
      <subfield code="e">author</subfield>
   </datafield>
   <datafield ind2=" " ind1=" " tag="260">
      <subfield code="c">2019-07-23</subfield>
   </datafield>
   <datafield ind2=" " ind1=" " tag="520">
      <subfield code="a">El proyecto que he realizado para el trabajo de final de grado, es un Prácticum vinculado con&#xd;
la empresa AREA TRES GRUP S.L.&#xd;
Este consiste, en explicar principalmente las funciones que he realizado durante los seis&#xd;
meses que ha durado el periodo del prácticum, los tipos y clases de reformas que he&#xd;
efectuado, las metodologías de actuación que he empleado, y las calidades y exigencias&#xd;
que me han ido exigiendo durando todo este tiempo. También explicare a que se dedica la&#xd;
empresa en la que he realizado el prácticum, los tipos de departamentos que la componen,&#xd;
su organigrama y los recursos que me proporcionaban para facilitarme el trabajo a diario.&#xd;
Por otro lado, he realizado una parte práctica, que consiste en explicar mediante tres&#xd;
ejemplos, las diferencias entre calidades y exigencias que me han ido exigiendo el cliente,&#xd;
según el tipo de categoría y la finalidad de promoción que tenían los pisos, como me he&#xd;
organizado y gestionado para poderlos desarrollar correctamente.&#xd;
Dentro del departamento técnico de la empresa, como función principal, gestionaba y&#xd;
rehabilitaba activos inmobiliarios que provenían en su gran mayoría de fondos de inversión.&#xd;
Estos podían estar distribuidos por todo el territorio catalán y una vez me eran asignados,&#xd;
era el encargado de que la vivienda quedase en condiciones perfectas, y se adaptase a las&#xd;
necesidades del cliente.&#xd;
A la hora de reformar los pisos, aparte de tener en cuenta que hay empresas, sobre todo&#xd;
promotoras o inversoras en las que se prioriza el plazo de entrega y en su defecto el dinero,&#xd;
es muy importante tener siempre presente la normativa vigente y dar soluciones que&#xd;
mejoren la calidad de vida y habitabilidad de las personas en las viviendas.</subfield>
   </datafield>
   <datafield tag="653" ind2=" " ind1=" ">
      <subfield code="a">Àrees temàtiques de la UPC::Edificació::Rehabilitació d'edificis</subfield>
   </datafield>
   <datafield tag="653" ind2=" " ind1=" ">
      <subfield code="a">Housing rehabilitation</subfield>
   </datafield>
   <datafield tag="653" ind2=" " ind1=" ">
      <subfield code="a">Buildings -- Repair and reconstruction</subfield>
   </datafield>
   <datafield tag="653" ind2=" " ind1=" ">
      <subfield code="a">Architectural practice</subfield>
   </datafield>
   <datafield tag="653" ind2=" " ind1=" ">
      <subfield code="a">Rehabilitació de l'habitatge</subfield>
   </datafield>
   <datafield tag="653" ind2=" " ind1=" ">
      <subfield code="a">Edificis -- Remodelació</subfield>
   </datafield>
   <datafield tag="653" ind2=" " ind1=" ">
      <subfield code="a">Arquitectura -- Pràctica professional</subfield>
   </datafield>
   <datafield ind2="0" ind1="0" tag="245">
      <subfield code="a">Gestión y dirección de diferentes rehabilitaciones</subfield>
   </datafield>
</record></metadata></record></GetRecord></OAI-PMH>